[Event "Macieja Memorial"]
[Site "Warsaw POL"]
[Date "2022.07.08"]
[Round "1.1"]
[White "Socko, Bartosz"]
[Black "Safanowski, Tomasz"]
[Result "1-0"]
[WhiteElo "2624"]
[BlackElo "1620"]
[EventDate "????.??.??"]
[PlyCount "43"]

1.e4 d6 2.d4 Nf6 3.Nc3 e5 4.Nge2 Be7 5.f3 O-O 6.Be3 c6 7.Qd2 Qc7 8.g4 Nbd7 
9.Ng3 Nb6 10.g5 Ne8 11.O-O-O Be6 12.Nf5 d5 13.Nxe7+ Qxe7 14.dxe5 dxe4 15.Nxe4 
Nd5 16.Bc5 Qc7 17.Bxf8 Kxf8 18.f4 Bf5 19.Ng3 Bg4 20.Be2 Bxe2 21.Nxe2 Rd8 22.c4 1-0

[Event "Macieja Memorial"]
[Site "Warsaw POL"]
[Date "2022.07.08"]
[Round "1.2"]
[White "Kalus, Franciszek"]
[Black "Markowski, Tomasz"]
[Result "0-1"]
[WhiteElo "1616"]
[BlackElo "2504"]
[EventDate "????.??.??"]
[PlyCount "100"]

1.d4 c5 2.d5 d6 3.c4 g6 4.Nc3 Bg7 5.Nf3 f5 6.Nd2 Bxc3 7.bxc3 Nf6 8.Qc2 Qa5 
9.Bb2 Nbd7 10.e4 Nb6 11.f3 O-O 12.Be2 fxe4 13.fxe4 Bg4 14.Nf3 Nh5 15.O-O Qa4 
16.Qb3 Nf4 17.Bd1 Qxc4 18.Bc1 Qxe4 19.Re1 Qxd5 20.Rxe7 Qxb3 21.Bxb3+ c4 22.Bd1 
Nd3 23.Bh6 Rfe8 24.Rg7+ Kh8 25.h3 Bxf3 26.Bxf3 d5 27.Rxb7 Ne5 28.Bxd5 Nxd5 
29.Bg7+ Kg8 30.Bh6 Nf7 31.Bd2 Re2 32.Rf1 Rf8 33.Bc1 Rxa2 34.Rd7 Nxc3 35.Be3 
Ne2+ 36.Kh1 c3 37.Bc5 c2 38.Bxf8 c1=Q 39.Rxc1 Nxc1 40.Bc5 Nb3 41.Bxa7 Rd2 
42.Rxd2 Nxd2 43.Be3 Nc4 44.Bd4 Kf8 45.Bc5+ Ke8 46.Kh2 Kd7 47.Kg3 Ke6 48.Bf8 
Ncd6 49.Kg4 h5+ 50.Kh4 Nf5# 0-1

[Event "Macieja Memorial"]
[Site "Warsaw POL"]
[Date "2022.07.08"]
[Round "1.3"]
[White "Klekowski, Maciej"]
[Black "Prus, Marek"]
[Result "1-0"]
[WhiteElo "2476"]
[BlackElo "1611"]
[EventDate "????.??.??"]
[PlyCount "79"]

1.c4 Nf6 2.Nc3 g6 3.d4 Bg7 4.e4 d6 5.f3 O-O 6.Be3 Nbd7 7.Qd2 c5 8.Nge2 Qa5 9.d5 
Ne5 10.Nc1 a6 11.h3 b5 12.cxb5 axb5 13.Nxb5 Qxd2+ 14.Bxd2 Ba6 15.a4 c4 16.Nc7 
Ra7 17.Nxa6 Rxa6 18.Bc3 Rfa8 19.a5 g5 20.Ra4 Rc8 21.Bxe5 dxe5 22.Bxc4 Ra7 
23.Nd3 Nh5 24.Kd2 Bf6 25.b3 Rca8 26.a6 Ng7 27.Nb4 h5 28.Nc6 Rc7 29.b4 e6 30.b5 
exd5 31.Bxd5 Ne6 32.Bxe6 fxe6 33.Kc3 Kf7 34.Kb4 Be7+ 35.Nxe7 Kxe7 36.b6 Rc2 
37.b7 Rb2+ 38.Ka3 Rxb7 39.axb7 Rb8 40.Rb1 1-0

[Event "Macieja Memorial"]
[Site "Warsaw POL"]
[Date "2022.07.08"]
[Round "1.4"]
[White "Hemmerling, Jaroslaw"]
[Black "Kosakowski, Jakub"]
[Result "0-1"]
[WhiteElo "1602"]
[BlackElo "2476"]
[EventDate "????.??.??"]
[PlyCount "61"]

1.e4 c5 2.Nf3 d6 3.d4 cxd4 4.Nxd4 Nf6 5.Nc3 a6 6.Bg5 e6 7.f4 Be7 8.Qf3 Qc7 
9.O-O-O Nbd7 10.g4 h6 11.Bxf6 Bxf6 12.h4 Nb6 13.Rg1 Bd7 14.g5 Bxd4 15.Rxd4 Qc5 
16.Qe3 O-O-O 17.Rd3 Qxe3+ 18.Rxe3 hxg5 19.hxg5 Rh4 20.f5 exf5 21.exf5 Bxf5 
22.Bd3 Be6 23.Rf3 g6 24.Re1 Nd7 25.Bxg6 Ne5 26.Rf6 Nxg6 27.Rxg6 fxg6 28.Rxe6 d5 
29.Rxg6 d4 30.Na4 d3 31.cxd3 0-1

[Event "Macieja Memorial"]
[Site "Warsaw POL"]
[Date "2022.07.08"]
[Round "1.5"]
[White "Pakleza, Zbigniew"]
[Black "Adamski, Adam"]
[Result "1-0"]
[WhiteElo "2467"]
[BlackElo "1601"]
[EventDate "????.??.??"]
[PlyCount "51"]

1.d4 Nf6 2.Nf3 g6 3.Bf4 Bg7 4.e3 d5 5.Be2 O-O 6.O-O c6 7.h3 Ne4 8.Nbd2 Nxd2 
9.Qxd2 Nd7 10.c4 dxc4 11.Bxc4 e5 12.Bg5 Qc7 13.Rfd1 Nb6 14.Bb3 exd4 15.Nxd4 h6 
16.Bh4 a5 17.a3 Nd5 18.Rac1 Qb6 19.Ba2 Nf6 20.Qc2 Rd8 21.Bxf6 Bxf6 22.Qxg6+ Bg7 
23.Bxf7+ Kh8 24.b3 Ra6 25.Bc4 Ra8 26.Bd3 1-0

[Event "Macieja Memorial"]
[Site "Warsaw POL"]
[Date "2022.07.08"]
[Round "1.6"]
[White "Piddubna, Bozhena"]
[Black "Dziuba, Marcin"]
[Result "0-1"]
[WhiteElo "1596"]
[BlackElo "2466"]
[EventDate "????.??.??"]
[PlyCount "80"]

1.c4 f5 2.d4 Nf6 3.Nc3 g6 4.Nf3 Bg7 5.g3 O-O 6.Bg2 d6 7.Qb3 c6 8.O-O Kh8 9.a4 
a5 10.d5 Bd7 11.Qxb7 Na6 12.Qb3 Rb8 13.Qd1 cxd5 14.cxd5 Nc5 15.Nd4 Rb4 16.Nc6 
Bxc6 17.dxc6 Nfe4 18.Qc2 Nb3 19.Ra3 Nd4 20.Qd1 Nxc6 21.Nxe4 fxe4 22.Bd2 Rxb2 
23.Bc3 Bxc3 24.Rxc3 Ne5 25.Bxe4 Qb6 26.e3 Qb4 27.Rd3 Qxe4 28.f3 Qb4 29.Rd4 Qb3 
30.Qxb3 Rxb3 31.Rd5 Nxf3+ 32.Kh1 Rb2 33.Rxf3 Rxf3 34.Kg1 Rxe3 35.Kf1 Ra3 36.Rd1 
Raa2 37.h4 Rh2 38.Kg1 Rag2+ 39.Kf1 Rh1+ 40.Kxg2 Rxd1 0-1

[Event "Macieja Memorial"]
[Site "Warsaw POL"]
[Date "2022.07.08"]
[Round "1.7"]
[White "Janik, Igor"]
[Black "Maslanka, Wojciech"]
[Result "0-1"]
[WhiteElo "2456"]
[BlackElo "1593"]
[EventDate "????.??.??"]
[PlyCount "84"]

1.d4 Nf6 2.Bf4 g6 3.e3 Bg7 4.Nf3 d6 5.h3 O-O 6.Be2 b6 7.a4 a5 8.O-O Bb7 9.c3 
Nbd7 10.Na3 Re8 11.Bh2 e5 12.dxe5 dxe5 13.Nc4 Ne4 14.Qc2 Qe7 15.Rfd1 Rad8 
16.Nfd2 Nxd2 17.Rxd2 Nc5 18.Rad1 Be4 19.Bd3 Bxd3 20.Rxd3 Nxd3 21.Rxd3 Rxd3 
22.Qxd3 Rd8 23.Qe2 Qd7 24.Kf1 Qd1+ 25.Qxd1 Rxd1+ 26.Ke2 Rb1 27.Kd3 f6 28.g4 Rh1 
29.Bg3 Rxh3 30.Na3 Bf8 31.Nb5 Bd6 32.Ke4 Kf7 33.Kd5 Ke7 34.Kc6 h5 35.gxh5 gxh5 
36.b4 axb4 37.Nxd6 cxd6 38.cxb4 h4 39.a5 bxa5 40.bxa5 hxg3 41.fxg3 Rxg3 42.a6 
Rxe3 0-1

[Event "Macieja Memorial"]
[Site "Warsaw POL"]
[Date "2022.07.08"]
[Round "1.8"]
[White "Krzyzewski, Radoslaw"]
[Black "Brodowski, Piotr"]
[Result "0-1"]
[WhiteElo "1589"]
[BlackElo "2431"]
[EventDate "????.??.??"]
[PlyCount "127"]

1.e4 d6 2.d4 g6 3.c3 Bg7 4.Bd3 Nc6 5.Nf3 e5 6.Be3 exd4 7.Nxd4 Nge7 8.Nd2 O-O 
9.Qc2 Ne5 10.O-O-O Nxd3+ 11.Qxd3 a6 12.f3 b5 13.h4 c5 14.Ne2 Nc6 15.h5 Be6 
16.hxg6 fxg6 17.Nb3 Be5 18.Qd2 Bc4 19.Bh6 Rf7 20.f4 Bxe2 21.Qxe2 Bxf4+ 22.Bxf4 
Rxf4 23.Nxc5 Qg5 24.Ne6 Rxe4+ 25.Nxg5 Rxe2 26.Nxh7 Ne5 27.Rxd6 Nf7 28.Nf6+ Kg7 
29.Rh7+ Kf8 30.Rd7 Re7 31.Rxe7 Kxe7 32.Nd5+ Kf8 33.Kc2 Re8 34.Kb3 Re5 35.Nf6 
Rg5 36.Nd7+ Kg8 37.Rh2 Kg7 38.Kb4 Nd6 39.Ka5 Nc4+ 40.Kxa6 Nxb2 41.Nb6 Nd1 42.c4 
b4 43.g4 Nc3 44.Rb2 Rxg4 45.Rxb4 Nxa2 46.Rb2 Nc3 47.Rc2 Ne4 48.c5 Rg1 49.c6 Nd6 
50.c7 Ra1+ 51.Na4 Rxa4+ 52.Kb6 Rd4 53.c8=Q Nxc8+ 54.Rxc8 g5 55.Rc7+ Kg6 56.Rc6+ 
Kh5 57.Rc8 Kg4 58.Kc5 Rd1 59.Kb4 Kg3 60.Rc3+ Kh4 61.Kc4 g4 62.Ra3 g3 63.Ra8 Kh3 
64.Kc3 0-1

[Event "Macieja Memorial"]
[Site "Warsaw POL"]
[Date "2022.07.08"]
[Round "1.9"]
[White "Danielyan, Vahe"]
[Black "Staszewski, Krzysztof"]
[Result "1-0"]
[WhiteElo "2419"]
[BlackElo "1584"]
[EventDate "????.??.??"]
[PlyCount "75"]

1.e4 d5 2.exd5 Nf6 3.Nf3 Nxd5 4.Be2 g6 5.O-O Bg7 6.d4 O-O 7.c4 Nb6 8.Nc3 Bg4 
9.Be3 Nc6 10.Rc1 Bxf3 11.Bxf3 Nxd4 12.Bxb7 Rb8 13.Bd5 Nf5 14.Bxb6 Rxb6 15.b3 e6 
16.c5 Rb8 17.Be4 Nd4 18.Na4 h5 19.Qd3 Nb5 20.Qc4 Qg5 21.Rcd1 a6 22.c6 Nd6 
23.Qc2 Rb4 24.Bf3 h4 25.h3 Be5 26.Qd2 Bf4 27.Qxb4 Nf5 28.Rfe1 Ng3 29.Rd4 Bd6 
30.Rxd6 cxd6 31.fxg3 hxg3 32.Nc3 d5 33.c7 Rc8 34.Qb7 Qd2 35.Qxc8+ Kg7 36.Rf1 
Qxc3 37.Qd8 Qe3+ 38.Kh1 1-0

[Event "Macieja Memorial"]
[Site "Warsaw POL"]
[Date "2022.07.08"]
[Round "1.10"]
[White "Stefaniuk, Zbigniew"]
[Black "Warakomski, Tomasz"]
[Result "0-1"]
[WhiteElo "1580"]
[BlackElo "2397"]
[EventDate "????.??.??"]
[PlyCount "62"]

1.Nf3 d5 2.d4 Nf6 3.c4 e6 4.Nc3 dxc4 5.e4 b5 6.e5 Nd5 7.Nxb5 Nb6 8.Be2 Be7 
9.O-O Nc6 10.Be3 O-O 11.Rc1 Rb8 12.Nc3 Bb7 13.Qd2 Nb4 14.Rfd1 Qd7 15.a3 N4d5 
16.Bg5 Nxc3 17.Rxc3 Bd5 18.Bxe7 Qxe7 19.Rdc1 Rfd8 20.Ne1 Na4 21.Rg3 Rxb2 22.Qh6 
Qf8 23.Bf3 g6 24.Qxf8+ Kxf8 25.Bxd5 exd5 26.h3 Rdb8 27.Kh2 Rb1 28.Rxb1 Rxb1 
29.Nc2 Rb2 30.Nb4 c3 31.Nxd5 c2 0-1

[Event "Macieja Memorial"]
[Site "Warsaw POL"]
[Date "2022.07.08"]
[Round "1.11"]
[White "Kanarek, Marcel"]
[Black "Nawalaniec, Adam"]
[Result "1-0"]
[WhiteElo "2394"]
[BlackElo "1574"]
[EventDate "????.??.??"]
[PlyCount "49"]

1.e4 g6 2.d4 Bg7 3.Nc3 d6 4.f4 Nd7 5.Nf3 e5 6.Bc4 Nb6 7.Bb3 Bg4 8.dxe5 dxe5 
9.Qxd8+ Rxd8 10.Nxe5 Bxe5 11.fxe5 Ne7 12.Bg5 h6 13.Bxe7 Kxe7 14.Nd5+ Nxd5 
15.exd5 f6 16.e6 Kd6 17.O-O Rhf8 18.h3 Bf5 19.Rae1 Ke7 20.g4 Bxg4 21.hxg4 h5 
22.gxh5 gxh5 23.Kf2 f5 24.Kf3 Kf6 25.e7 1-0

[Event "Macieja Memorial"]
[Site "Warsaw POL"]
[Date "2022.07.08"]
[Round "1.13"]
[White "Gdanski, Jacek"]
[Black "Prokopiuk, Jakub"]
[Result "1-0"]
[WhiteElo "2385"]
[BlackElo "1558"]
[EventDate "????.??.??"]
[PlyCount "65"]

1.e4 c5 2.Nc3 Nc6 3.Nf3 g6 4.Bb5 Nd4 5.Bc4 e6 6.O-O Bg7 7.Nxd4 Bxd4 8.Nb5 Be5 
9.f4 Bb8 10.d4 a6 11.Nc3 b5 12.Bd3 cxd4 13.Ne2 Ne7 14.Nxd4 O-O 15.Kh1 f5 16.b3 
Bb7 17.Qe2 Ba7 18.Bb2 fxe4 19.Bxe4 Bxe4 20.Qxe4 Nd5 21.Nxe6 dxe6 22.Qxe6+ Rf7 
23.Rad1 Qe8 24.Qxd5 Bb6 25.Rfe1 Qf8 26.Qe5 Rf6 27.Qxf6 Qxf6 28.Bxf6 Rf8 29.Be5 
Rc8 30.c3 Ba5 31.h3 Kf7 32.Rd7+ Ke6 33.Rd6+ 1-0

[Event "Macieja Memorial"]
[Site "Warsaw POL"]
[Date "2022.07.08"]
[Round "1.16"]
[White "Chekhani, Anna"]
[Black "Heberla, Bartlomiej"]
[Result "0-1"]
[WhiteElo "1535"]
[BlackElo "2361"]
[EventDate "????.??.??"]
[PlyCount "40"]

1.b4 e5 2.Bb2 Bxb4 3.Bxe5 Nf6 4.e3 O-O 5.Nf3 d5 6.Be2 c5 7.a3 Ba5 8.Bb2 Nc6 
9.O-O Re8 10.d3 Bg4 11.Nbd2 Bh5 12.h3 Rc8 13.c4 d4 14.e4 Bc7 15.Re1 Qd6 16.Nf1 
Bxf3 17.Bxf3 Qd7 18.Rb1 Ne5 19.Bc1 Ng6 20.Bg5 b6 0-1

[Event "Macieja Memorial"]
[Site "Warsaw POL"]
[Date "2022.07.08"]
[Round "1.17"]
[White "Lewtak, Damian"]
[Black "Krogulski, Maksymilian"]
[Result "0-1"]
[WhiteElo "2359"]
[BlackElo "1534"]
[EventDate "????.??.??"]
[PlyCount "46"]

1.e4 c5 2.Nf3 d6 3.d4 cxd4 4.Nxd4 Nf6 5.Nc3 a6 6.Bc4 e6 7.Bb3 Be7 8.g4 d5 9.e5 
Nfd7 10.Qe2 Nc6 11.Nf3 Nc5 12.Bf4 Qa5 13.O-O O-O 14.Bg3 f5 15.exf6 Bxf6 16.Ne5 
Bxe5 17.Bxe5 d4 18.Bd6 dxc3 19.Bxf8 cxb2 20.Rad1 Kxf8 21.Qf3+ Kg8 22.Rfe1 Bd7 
23.Rd6 Qxe1+ 0-1

[Event "Macieja Memorial"]
[Site "Warsaw POL"]
[Date "2022.07.08"]
[Round "1.19"]
[White "Pedzich, Dominik"]
[Black "Kruhlik, Bartosz"]
[Result "1-0"]
[WhiteElo "2350"]
[BlackElo "1524"]
[EventDate "????.??.??"]
[PlyCount "55"]

1.e4 e6 2.d4 d5 3.exd5 exd5 4.c4 Nf6 5.Nc3 Bf5 6.Nf3 Bb4 7.Qb3 Qe7+ 8.Be3 dxc4 
9.Bxc4 O-O 10.Ne5 Bg6 11.O-O b6 12.Rfe1 Bd6 13.Bg5 Qd8 14.Nd5 Nbd7 15.Nc6 Qc8 
16.Nce7+ Bxe7 17.Nxe7+ Kh8 18.Nxc8 Raxc8 19.Ba6 Rcd8 20.Rac1 c5 21.d5 h6 22.Bh4 
Nb8 23.Bxf6 gxf6 24.Bc4 Rd6 25.Qe3 Kg7 26.h4 h5 27.Qg3 Nd7 28.Qxd6 1-0

[Event "Macieja Memorial"]
[Site "Warsaw POL"]
[Date "2022.07.08"]
[Round "1.21"]
[White "Olszewski, Michal"]
[Black "Maciaszek, Karol"]
[Result "1-0"]
[WhiteElo "2344"]
[BlackElo "1499"]
[EventDate "????.??.??"]
[PlyCount "99"]

1.Nf3 c5 2.e4 e6 3.d4 cxd4 4.Nxd4 Nf6 5.Nc3 Nc6 6.Be3 Bb4 7.Bd3 d5 8.Nxc6 bxc6 
9.exd5 cxd5 10.O-O O-O 11.Bd4 Re8 12.Re1 a5 13.a3 Be7 14.Nb5 Ba6 15.a4 h6 
16.Qf3 Nd7 17.Qg3 Bf6 18.Bxf6 Nxf6 19.Nc7 Bxd3 20.Nxe8 Bg6 21.Nxf6+ Qxf6 22.c3 
Rc8 23.b4 Rxc3 24.Qb8+ Kh7 25.bxa5 Rc2 26.Qg3 Rc3 27.Qe5 Qxe5 28.Rxe5 Rc5 29.a6 
Ra5 30.f3 Bd3 31.Re3 Bc4 32.Rc3 Rxa6 33.a5 Kg6 34.Kf2 Kf6 35.Rcc1 Ke7 36.Rcb1 
Kd6 37.Rb7 f6 38.Rxg7 e5 39.Rh7 d4 40.Rxh6 Kd5 41.Rh8 d3 42.Ke3 f5 43.h4 f4+ 
44.Kd2 Kc5 45.h5 Kb4 46.h6 Re6 47.h7 e4 48.Rb8+ Kc5 49.h8=Q e3+ 50.Kc3 1-0

[Event "Macieja Memorial"]
[Site "Warsaw POL"]
[Date "2022.07.08"]
[Round "1.22"]
[White "Mueck, Piotr"]
[Black "Wieczorek, Oskar"]
[Result "0-1"]
[WhiteElo "1493"]
[BlackElo "2330"]
[EventDate "????.??.??"]
[PlyCount "46"]

1.d4 Nf6 2.Nf3 g6 3.c4 c5 4.d5 b5 5.cxb5 a6 6.bxa6 Bxa6 7.Nc3 d6 8.e4 Bxf1 
9.Kxf1 Qc8 10.g3 Qh3+ 11.Kg1 Bg7 12.Qf1 Qxf1+ 13.Kxf1 O-O 14.Kg2 Nbd7 15.h3 
Rfb8 16.Re1 Ne8 17.Re2 Nc7 18.Rc2 Nb5 19.Bd2 Nd4 20.Nxd4 cxd4 21.Nd1 Nc5 22.f3 
Nb3 23.Rb1 d3 0-1

[Event "Macieja Memorial"]
[Site "Warsaw POL"]
[Date "2022.07.08"]
[Round "1.23"]
[White "Leniart, Arkadiusz"]
[Black "Hartlinski, Tomasz"]
[Result "1-0"]
[WhiteElo "2327"]
[BlackElo "1486"]
[EventDate "????.??.??"]
[PlyCount "103"]

1.e4 c5 2.Nf3 e6 3.d4 cxd4 4.Nxd4 Nc6 5.Nc3 Qc7 6.g3 a6 7.Bg2 Nf6 8.O-O Be7 
9.Re1 O-O 10.Nxc6 bxc6 11.e5 Nd5 12.Qg4 f5 13.exf6 Bxf6 14.Nxd5 cxd5 15.c4 Bb7 
16.cxd5 Bxd5 17.Bxd5 exd5 18.Bf4 Qb6 19.Qxd7 Qxb2 20.Qxd5+ Kh8 21.Rad1 h6 
22.Qb3 Qxb3 23.axb3 a5 24.Re4 Rfe8 25.Rxe8+ Rxe8 26.Kg2 Ra8 27.Rd6 Kh7 28.h4 a4 
29.bxa4 Rxa4 30.h5 Ra5 31.g4 Be5 32.Bxe5 Rxe5 33.Kg3 Rb5 34.f3 Rb4 35.Rd3 Kg8 
36.f4 Kf7 37.Ra3 Rb7 38.g5 hxg5 39.fxg5 Rb5 40.Kg4 Rb4+ 41.Kf5 Rb5+ 42.Kf4 Rb4+ 
43.Kf3 Rb5 44.Ra7+ Kg8 45.Kf4 Rb4+ 46.Kg3 Rb5 47.g6 Kf8 48.Kg4 Rb4+ 49.Kf5 Rb5+ 
50.Ke6 Rb6+ 51.Kd7 Rb8 52.Rc7 1-0

[Event "Macieja Memorial"]
[Site "Warsaw POL"]
[Date "2022.07.08"]
[Round "1.24"]
[White "Platovskyi, Semen"]
[Black "Kuzmicz, Krystian"]
[Result "0-1"]
[WhiteElo "1484"]
[BlackElo "2307"]
[EventDate "????.??.??"]
[PlyCount "82"]

1.d4 g6 2.Nf3 Bg7 3.c4 c5 4.d5 d6 5.Nc3 Bxc3+ 6.bxc3 f5 7.h4 Nf6 8.Qc2 Qa5 9.e3 
Nbd7 10.Bd3 Nb6 11.Rb1 Bd7 12.O-O O-O-O 13.Nd2 Qa4 14.Qb2 Qa6 15.Qa3 Qxa3 
16.Bxa3 e5 17.dxe6 Bxe6 18.Rfd1 Ng4 19.Nf3 Bxc4 20.Ng5 Bxa2 21.Ra1 Bg8 22.Bb2 
Nc4 23.Bxc4 Bxc4 24.Rxa7 Kb8 25.Raa1 Ne5 26.Ra3 h6 27.Nf3 Nxf3+ 28.gxf3 Be2 
29.Rda1 Bxf3 30.c4 Rhe8 31.Bf6 Rc8 32.Kh2 Kc7 33.Kg3 Bc6 34.Bg7 Re4 35.Rc3 Rg4+ 
36.Kh3 g5 37.h5 Rh4+ 38.Kg3 Rxh5 39.f3 g4 40.e4 gxf3 41.exf5 Rg5+ 0-1

[Event "Macieja Memorial"]
[Site "Warsaw POL"]
[Date "2022.07.08"]
[Round "1.25"]
[White "Nguyen, Piotr"]
[Black "Paziewski, Marcin"]
[Result "1-0"]
[WhiteElo "2300"]
[BlackElo "1482"]
[EventDate "????.??.??"]
[PlyCount "35"]

1.c4 c6 2.Nf3 Nf6 3.g3 d5 4.Bg2 e6 5.O-O Nbd7 6.d4 Bd6 7.Nfd2 O-O 8.Nc3 dxc4 
9.Nxc4 Nb6 10.Nxd6 Qxd6 11.e4 Qe7 12.a4 Nbd7 13.a5 b6 14.h4 Ba6 15.Re1 b5 16.e5 
Nd5 17.Ne4 Rfd8 18.Bg5 1-0

[Event "Macieja Memorial"]
[Site "Warsaw POL"]
[Date "2022.07.08"]
[Round "1.26"]
[White "Gronkowski, Dariusz"]
[Black "Sadzikowski, Daniel"]
[Result "0-1"]
[WhiteElo "1480"]
[BlackElo "2297"]
[EventDate "????.??.??"]
[PlyCount "70"]

1.Nc3 c5 2.Nf3 Nc6 3.e4 e6 4.Bc4 Nf6 5.d3 d6 6.a4 Be7 7.O-O O-O 8.Re1 a6 9.Bg5 
h6 10.Bh4 Nd7 11.Bxe7 Qxe7 12.d4 cxd4 13.Nxd4 Nde5 14.Ba2 Bd7 15.f4 Nxd4 
16.Qxd4 Nc6 17.Qf2 Rfd8 18.Rad1 Be8 19.Nd5 exd5 20.exd5 Qf6 21.dxc6 Bxc6 22.c3 
Bxa4 23.Rd4 Bc6 24.Red1 Rd7 25.h3 Re8 26.c4 Qg6 27.Bb1 Qf6 28.Qd2 Qh4 29.f5 Qf6 
30.b4 Re5 31.Rxd6 Rxd6 32.Qxd6 Qxd6 33.Rxd6 Re1+ 34.Kf2 Rxb1 35.b5 axb5 0-1

[Event "Macieja Memorial"]
[Site "Warsaw POL"]
[Date "2022.07.08"]
[Round "1.27"]
[White "Kowalski, Igor"]
[Black "Nowacka, Dorota"]
[Result "1-0"]
[WhiteElo "2287"]
[BlackElo "1478"]
[EventDate "????.??.??"]
[PlyCount "39"]

1.d4 Nf6 2.c4 e6 3.Nf3 Bb4+ 4.Bd2 Bxd2+ 5.Nbxd2 O-O 6.e4 b6 7.Bd3 Bb7 8.e5 Ne8 
9.h4 f5 10.exf6 Nxf6 11.Qe2 Nc6 12.a3 Ne7 13.h5 Nf5 14.O-O-O c5 15.d5 exd5 
16.Bxf5 dxc4 17.Nxc4 d5 18.Be6+ Kh8 19.Nce5 Qc7 20.Ng6+ 1-0

[Event "Macieja Memorial"]
[Site "Warsaw POL"]
[Date "2022.07.08"]
[Round "1.30"]
[White "Jaszczuk, Piotr"]
[Black "Karolczuk, Iwo"]
[Result "1-0"]
[WhiteElo "1460"]
[BlackElo "2281"]
[EventDate "????.??.??"]
[PlyCount "70"]

1.f4 d5 2.Nf3 Nf6 3.e3 Bf5 4.d3 e6 5.Be2 Be7 6.O-O h5 7.Ne5 Nbd7 8.h3 h4 9.b3 
Nxe5 10.fxe5 Nd7 11.Bb2 Bg5 12.e4 dxe4 13.dxe4 Bxe4 14.Bh5 Bf5 15.Rxf5 exf5 
16.e6 Be3+ 17.Kh1 Nf6 18.exf7+ Ke7 19.Qe1 Rxh5 20.Qxe3+ Kxf7 21.Nc3 Qe7 22.Qf3 
Re8 23.Rf1 Rg5 24.Nd5 Nxd5 25.Qxd5+ Qe6 26.Qxb7 Qe4 27.Qxc7+ Re7 28.Qh2 Qxc2 
29.Ba3 Re2 30.Rg1 Qxa2 31.Bc5 a6 32.Qc7+ Kg6 33.Qc6+ Kh7 34.Qf3 Re4 35.Be3 Rg6 1-0

[Event "Macieja Memorial"]
[Site "Warsaw POL"]
[Date "2022.07.08"]
[Round "1.31"]
[White "Mikrut, Dariusz"]
[Black "Wawrzos, Leszek"]
[Result "1-0"]
[WhiteElo "2266"]
[BlackElo "1460"]
[EventDate "????.??.??"]
[PlyCount "45"]

1.d4 Nf6 2.c4 e6 3.Nf3 d5 4.Bg5 h6 5.Bxf6 Qxf6 6.Nc3 Bb4 7.Qa4+ Nc6 8.Ne5 Bxc3+ 
9.bxc3 Bd7 10.Nxd7 Kxd7 11.e3 Rhd8 12.Qb5 Kc8 13.Be2 a6 14.Qa4 Qg6 15.O-O Rd6 
16.Rab1 b6 17.c5 b5 18.Bxb5 axb5 19.Qxa8+ Kd7 20.cxd6 Kxd6 21.Rxb5 Qd3 22.Rc5 
Ne7 23.Qd8# 1-0

[Event "Macieja Memorial"]
[Site "Warsaw POL"]
[Date "2022.07.08"]
[Round "1.32"]
[White "Kaszuba, Michal"]
[Black "Jarmula, Lukasz"]
[Result "0-1"]
[WhiteElo "1457"]
[BlackElo "2246"]
[EventDate "????.??.??"]
[PlyCount "78"]

1.d4 d5 2.c4 dxc4 3.Nc3 Nf6 4.g3 c5 5.Nf3 Nc6 6.d5 Nb4 7.e4 Bg4 8.Be2 Bxf3 
9.Bxf3 Nd3+ 10.Kf1 a6 11.Be2 e6 12.Bxd3 cxd3 13.Qxd3 exd5 14.exd5 Be7 15.Bg5 
O-O 16.Bxf6 Bxf6 17.Kg2 b5 18.Ne4 Bxb2 19.Rab1 Bd4 20.Rbc1 Rc8 21.Rhe1 Qxd5 
22.f3 Qxa2+ 23.Nf2 Qxf2+ 24.Kh3 c4 25.Qe4 Bf6 26.Re2 Qd4 27.Qxd4 Bxd4 28.Re4 
Bf6 29.f4 Rfe8 30.Rxe8+ Rxe8 31.Rd1 c3 32.Rd3 b4 33.Rd1 b3 34.Rc1 c2 35.Rf1 b2 
36.Rf3 c1=Q 37.Ra3 b1=Q 38.Rxa6 Qf1+ 39.Kg4 Qg6# 0-1

[Event "Macieja Memorial"]
[Site "Warsaw POL"]
[Date "2022.07.08"]
[Round "1.33"]
[White "Maltsevskaya, Aleksandra"]
[Black "Sternik, Piotr"]
[Result "1-0"]
[WhiteElo "2243"]
[BlackElo "1449"]
[EventDate "????.??.??"]
[PlyCount "43"]

1.d4 d5 2.c4 e6 3.Nc3 Nf6 4.cxd5 exd5 5.Bg5 Be7 6.e3 c6 7.Bd3 h6 8.Bh4 O-O 
9.Qc2 Re8 10.Nf3 Ne4 11.Bxe7 Qxe7 12.O-O Nd7 13.Rab1 Ndf6 14.b4 Nxc3 15.Qxc3 
Ne4 16.Bxe4 Qxe4 17.b5 cxb5 18.Rxb5 b6 19.Rc1 Ba6 20.Rbb1 Re6 21.Nd2 Qf5 22.Qa3 1-0

[Event "Macieja Memorial"]
[Site "Warsaw POL"]
[Date "2022.07.08"]
[Round "1.35"]
[White "Baum, Jonasz"]
[Black "Rog, Mateusz"]
[Result "1-0"]
[WhiteElo "2240"]
[BlackElo "1439"]
[EventDate "????.??.??"]
[PlyCount "57"]

1.d4 Nc6 2.Nf3 d5 3.Bf4 Bf5 4.e3 a6 5.Bd3 Qd7 6.O-O Nf6 7.c4 Ne4 8.cxd5 Qxd5 
9.Nc3 Nxc3 10.bxc3 Bxd3 11.Qxd3 Na5 12.Bxc7 Nc4 13.e4 Qc6 14.Bg3 Rc8 15.d5 Qa4 
16.Nd4 Nb2 17.Qf3 Qa3 18.Rfc1 g6 19.Be5 Rg8 20.Ne6 Bh6 21.Rc2 fxe6 22.Qh3 Na4 
23.Qxe6 Rxc3 24.Qxg8+ Bf8 25.Bxc3 Nxc3 26.h3 Qb4 27.Rac1 Nxe4 28.Rc8+ Kd7 
29.Qe6# 1-0

[Event "Macieja Memorial"]
[Site "Warsaw POL"]
[Date "2022.07.08"]
[Round "1.36"]
[White "Warcaba, Jakub"]
[Black "Sriram, Jha"]
[Result "0-1"]
[WhiteElo "1436"]
[BlackElo "2239"]
[EventDate "????.??.??"]
[PlyCount "68"]

1.e4 d6 2.d4 Nf6 3.f3 c6 4.Be3 e5 5.Ne2 Be7 6.Nbc3 O-O 7.Qd2 b5 8.Ng3 Be6 9.d5 
cxd5 10.exd5 Bd7 11.Bxb5 Bxb5 12.Nxb5 Nbd7 13.O-O Rb8 14.Nxa7 Qc7 15.Nc6 Rbe8 
16.b3 Nb6 17.c4 Nfd7 18.Nf5 Bf6 19.Rae1 g6 20.Nh6+ Kh8 21.a4 Bg7 22.a5 Nc8 
23.b4 f5 24.Bg5 Na7 25.b5 Nxc6 26.dxc6 Nc5 27.Qd5 Ne6 28.b6 Qc8 29.h4 Nf4 
30.Bxf4 exf4 31.b7 Qd8 32.Nf7+ Rxf7 33.Qxf7 Bd4+ 34.Kh2 Qxh4# 0-1

[Event "Macieja Memorial"]
[Site "Warsaw POL"]
[Date "2022.07.08"]
[Round "2.2"]
[White "Markowski, Tomasz"]
[Black "Paprocki, Jaroslaw"]
[Result "1-0"]
[WhiteElo "2504"]
[BlackElo "1909"]
[EventDate "????.??.??"]
[PlyCount "63"]

1.d4 Nf6 2.c4 e6 3.Nf3 b6 4.e3 Bb7 5.Bd3 d5 6.O-O Bd6 7.b3 O-O 8.cxd5 exd5 
9.Ba3 Re8 10.Bxd6 Qxd6 11.Nc3 c6 12.Rc1 Nbd7 13.Qc2 g6 14.Qb2 a5 15.a3 b5 
16.Rfe1 Ne4 17.Bxe4 dxe4 18.Nd2 f5 19.Ne2 c5 20.Rc2 b4 21.axb4 axb4 22.Rec1 
cxd4 23.Nxd4 Rac8 24.Rxc8 Rxc8 25.Rxc8+ Bxc8 26.Nc4 Qa6 27.Nc2 Qb5 28.h4 Ba6 
29.Qd4 Nc5 30.Qd5+ Kg7 31.Nd4 Bb7 32.Qe5+ 1-0

[Event "Macieja Memorial"]
[Site "Warsaw POL"]
[Date "2022.07.08"]
[Round "2.3"]
[White "Lasota, Adam"]
[Black "Klekowski, Maciej"]
[Result "0-1"]
[WhiteElo "1892"]
[BlackElo "2476"]
[EventDate "????.??.??"]
[PlyCount "55"]

1.d4 Nf6 2.Bf4 d5 3.e3 c5 4.c3 Nc6 5.Nd2 Bf5 6.Qb3 Qd7 7.dxc5 e6 8.Ngf3 Bxc5 
9.Nd4 Bg6 10.Nxc6 bxc6 11.Nf3 O-O 12.Ne5 Qc8 13.Nxg6 hxg6 14.Be2 Re8 15.O-O e5 
16.Bg3 Ne4 17.Qc2 f5 18.Bd3 Nf6 19.h3 e4 20.Be2 g5 21.c4 d4 22.exd4 Bxd4 23.Bd6 
c5 24.Rab1 Qe6 25.Bh2 f4 26.b4 f3 27.Bd1 g4 28.bxc5 0-1

[Event "Macieja Memorial"]
[Site "Warsaw POL"]
[Date "2022.07.08"]
[Round "2.5"]
[White "Jakubowska, Anna"]
[Black "Pakleza, Zbigniew"]
[Result "0-1"]
[WhiteElo "1878"]
[BlackElo "2467"]
[EventDate "????.??.??"]
[PlyCount "70"]

1.e4 d6 2.d4 Nf6 3.Nc3 c6 4.a4 Nbd7 5.g3 e5 6.Nge2 b6 7.Bg2 a6 8.O-O Bb7 9.h3 
b5 10.Be3 Be7 11.Qd2 O-O 12.g4 b4 13.Nd1 d5 14.exd5 Nxd5 15.f4 Nxe3 16.Nxe3 
exf4 17.Nxf4 g6 18.Rae1 a5 19.c4 bxc3 20.bxc3 Nb6 21.Qf2 Bh4 22.Qf3 Bxe1 
23.Rxe1 Re8 24.Rf1 Qe7 25.Nd1 Nc4 26.Nd3 Nd2 27.Qf4 Nxf1 28.Bxf1 Ba6 29.Ne5 
Bxf1 30.Qxf1 Qe6 31.Nf2 f6 32.Ned3 Rab8 33.Nc5 Qe1 34.Nd7 Qxf1+ 35.Kxf1 Rb1+ 0-1

[Event "Macieja Memorial"]
[Site "Warsaw POL"]
[Date "2022.07.08"]
[Round "2.7"]
[White "Brodowski, Piotr"]
[Black "Janeczko, Jakub"]
[Result "1-0"]
[WhiteElo "2431"]
[BlackElo "1877"]
[EventDate "????.??.??"]
[PlyCount "53"]

1.c4 g6 2.Nc3 Bg7 3.g3 e6 4.Bg2 Ne7 5.Nf3 c5 6.O-O Nbc6 7.e4 O-O 8.d3 d5 9.exd5 
exd5 10.Bf4 dxc4 11.dxc4 Be6 12.Qa4 Qa5 13.Qxa5 Nxa5 14.Bd6 Rfe8 15.Bxc5 Bxc4 
16.Rfd1 Nec6 17.Rac1 b6 18.Ba3 Rad8 19.Nd2 Be6 20.b4 Bg4 21.f3 Rxd2 22.Rxd2 Nc4 
23.Re2 Bd4+ 24.Kh1 Rd8 25.fxg4 Nxa3 26.Bxc6 Bxc3 27.Rxc3 1-0